000 00291nam a22001337a 4500
008 171208b xxu||||| |||| 00| 0 eng d
020 _a9789211010848
041 _aeng
080 _a621
100 _a27
101 _aINXH
245 _aWORLD 2004 ROBOTICS
_cJOHNSTON, P
942 _2udc
_cBK
999 _c38846
_d38846